书目信息 |
| 题名: |
邮票中的音乐世界
|
|
| 作者: | 李近朱 编著 | |
| 分册: | ||
| 出版信息: | 北京 人民音乐出版社 1999.08 |
|
| 页数: | 509页 | |
| 开本: | 29cm | |
| 丛书名: | ||
| 单 册: | ||
| 中图分类: | J609.1 , G894.1 | |
| 科图分类: | ||
| 主题词: | 音乐--yin yue--邮票--简介--世界 , 音乐史--yin yue shi--史料--世界 | |
| 电子资源: | ||
| ISBN: | 7-103-02054-X | |
| 000 | 00853nam0 2200253 450 | |
| 001 | 010636063687 | |
| 005 | 20080825143102.09 | |
| 010 | @a7-103-02054-X@b精装@dCNY399.00 | |
| 100 | @a20060213d1999 km y0chiy0120 ea | |
| 101 | 0 | @achi |
| 102 | @aCN@b110000 | |
| 105 | @aa z 000yy | |
| 200 | 1 | @a邮票中的音乐世界@Ayou piao zhong de yin yue shi jie@d= Music World on Stamps@f李近朱编著@Fli jin zhu bian zhu@zeng |
| 210 | @a北京@c人民音乐出版社@d1999.08 | |
| 215 | @a509页@c图@d29cm | |
| 330 | @a本书分为三部分,包括"邮票中的音乐大师"、"邮票中的音乐名篇"、"邮票中的音乐之旅"。 | |
| 510 | @aMusic World on Stamps@zeng | |
| 606 | 0 | @a音乐@Ayin yue@x邮票@x简介@y世界 |
| 606 | 0 | @a音乐史@Ayin yue shi@x史料@y世界 |
| 690 | @aJ609.1@v4 | |
| 690 | @aG894.1@v4 | |
| 701 | 0 | @a李近朱@Ali jin zhu@4编著 |
| 801 | 0 | @aCN@c20080825 |
| 905 | @dG894.1@eL189 | |
| 邮票中的音乐世界= Music World on Stamps/李近朱编著.-北京:人民音乐出版社,1999.08 |
| 509页:图;29cm |
| ←并列题名:Music World on Stamps |
| ISBN 7-103-02054-X(精装):CNY399.00 |
| 本书分为三部分,包括"邮票中的音乐大师"、"邮票中的音乐名篇"、"邮票中的音乐之旅"。 |
| ● |
| 相关链接 |
|
|
|
正题名:邮票中的音乐世界
索取号:G894.1/L189
 
预约/预借
| 序号 | 登录号 | 条形码 | 馆藏地/架位号 | 状态 | 备注 |
| 1 | 714402 | 207144026 | 社科库409/409社科库 29排3列2层/ [索取号:G894.1/L189] | 在馆 | |
| 2 | 714403 | 207144035 | 社科库409/409社科库 29排3列2层/ [索取号:G894.1/L189] | 在馆 |